HIGHER EDUCATION FACULTY CAREER ORIENTATION AND ADVANCEMENT (Record no. 5509)

MARC details
000 -LEADER
fixed length control field 00403nam a22001457a 4500
005 - DATE AND TIME OF LATEST TRANSACTION
control field 20170726160702.0
008 - FIXED-LENGTH DATA ELEMENTS--GENERAL INFORMATION
fixed length control field 170726b xxu||||| |||| 00| 0 eng d
020 ## - INTERNATIONAL STANDARD BOOK NUMBER
ISBN 978-81-933475-9-1
041 ## - LANGUAGE CODE
Language code of text/sound track or separate title eng
100 ## - MAIN ENTRY--AUTHOR NAME
Personal name MANNA, MANPREET SINGH.
245 ## - TITLE STATEMENT
Title HIGHER EDUCATION FACULTY CAREER ORIENTATION AND ADVANCEMENT
260 ## - PUBLICATION, DISTRIBUTION, ETC. (IMPRINT)
Place of publication NEW DELHI
Name of publisher CEGR, BHARTI PUBLICATION
300 ## - PHYSICAL DESCRIPTION
Number of Pages 389p.
942 ## - ADDED ENTRY ELEMENTS (KOHA)
Koha item type Books
Holdings
Lost status Damaged status Home library Current library Shelving location Date acquired Source of acquisition Cost, normal purchase price Accession Number Koha item type
    JRU Library   SHELF-6-D 26/07/2017 PURCHESS 685.00 21837 Books